Statistics for Video Game Heroes

Click here to take the quiz!

General Stats

  • This quiz has been taken 3,681 times
  • The average score is 10 of 14

Answer Stats

HintAnswer% Correct
Sonic the HedgehogSonic
98%
Legend of ZeldaLink
95%
Tomb RaiderLara Croft
94%
HaloMaster Chief
90%
Donkey Kong (1981)Mario
83%
Metal Gear SolidSnake
83%
God of WarKratos
81%
MetroidSamus
80%
Uncharted SeriesNathan Drake
69%
Final Fantasy VIICloud
64%
HitmanAgent 47
55%
Gears of War 2Marcus
45%
Bioshock 2Big Daddy
31%
Prince of PersiaPrince of Persia
12%

Score Distribution

Percentile by Number Answered

Percent of People with Each Score

Your Score History

You have not taken this quiz